[Event "GBR-ch 95th"]
[Site "Liverpool"]
[Date "2008.08.02"]
[Round "6.19"]
[White "Williamson, Roger G"]
[Black "Barrett, Steve"]
[Result "1/2-1/2"]
[WhiteElo "2169"]
[BlackElo "2251"]
[PlyCount "88"]
[EventDate "2008.07.28"]
[EventType "swiss"]
[EventRounds "11"]
[EventCountry "GBR"]

1. e4 c5 2. Nf3 e6 3. d4 cxd4 4. Nxd4 Nf6 5. Nc3 d6 6. g4 a6 7. h3 b5 8. Bg2
Bb7 9. g5 Nfd7 10. f4 Be7 11. O-O Nc6 12. Be3 O-O 13. Qd2 Nxd4 14. Qxd4 e5 15.
Qd2 exf4 16. Bxf4 Ne5 17. b3 Rc8 18. Ne2 Ng6 19. Be3 Nh4 20. Bh1 Qd7 21. Kh2 d5
22. exd5 Bd6+ 23. Bf4 f6 24. c3 fxg5 25. Bxd6 Qxd6+ 26. Kg1 Qd7 27. Qd3 g4 28.
Nf4 Nf3+ 29. Bxf3 gxf3 30. Rxf3 g5 31. Nh5 Rxf3 32. Qxf3 Rf8 33. Nf6+ Rxf6 34.
Qxf6 Qxd5 35. Kf2 Qd2+ 36. Kf1 Qd3+ 37. Ke1 Qe3+ 38. Kd1 Qg1+ 39. Ke2 Qxa1 40.
Qxg5+ Kf7 41. Qf5+ Ke8 42. Qe5+ Kd7 43. Qg7+ Kc6 44. Qf6+ Kc7 1/2-1/2

[Event "GBR-ch 95th"]
[Site "Liverpool"]
[Date "2008.08.02"]
[Round "6.21"]
[White "Storey, Charles"]
[Black "James, David J"]
[Result "1-0"]
[WhiteElo "2268"]
[BlackElo "2177"]
[PlyCount "55"]
[EventDate "2008.07.28"]
[EventType "swiss"]
[EventRounds "11"]
[EventCountry "GBR"]

1. e4 c5 2. Nf3 d6 3. d4 cxd4 4. Nxd4 Nf6 5. Nc3 a6 6. Bg5 e6 7. f4 Nbd7 8. Qf3
Qc7 9. O-O-O b5 10. g4 Bb7 11. Bxf6 Nxf6 12. Re1 Qb6 13. Nb3 b4 14. g5 bxc3 15.
gxf6 cxb2+ 16. Kb1 gxf6 17. f5 e5 18. Bc4 Qc7 19. Bd5 Bxd5 20. exd5 Rc8 21. Nd4
Qc3 22. Qxc3 Rxc3 23. Nc6 Rg8 24. Re4 Rg2 25. Rb4 Bh6 26. Rxb2 Kf8 27. Rb8+ Kg7
28. Ne7 1-0

[Event "GBR-ch 95th"]
[Site "Liverpool"]
[Date "2008.08.02"]
[Round "6.22"]
[White "Zhou, Yang-Fan"]
[Black "Gregory, Stephen J"]
[Result "1-0"]
[WhiteElo "2258"]
[BlackElo "2177"]
[PlyCount "139"]
[EventDate "2008.07.28"]
[EventType "swiss"]
[EventRounds "11"]
[EventCountry "GBR"]

1. e4 d6 2. d4 Nf6 3. Nc3 g6 4. Be3 c6 5. Qd2 Ng4 6. Bg5 h6 7. Bh4 Bg7 8. O-O-O
b5 9. f4 b4 10. Nce2 g5 11. Bg3 Qa5 12. Kb1 Nf6 13. Qe3 Be6 14. Nc1 gxf4 15.
Bxf4 Na6 16. Nf3 Nc7 17. h3 Rb8 18. Nd2 Qb6 19. Nc4 Bxc4 20. Bxc4 a5 21. Rhf1
a4 22. Bxd6 exd6 23. Qg3 Kf8 24. Qxd6+ Kg8 25. Rxf6 Bxf6 26. Qxf6 Rh7 27. Nd3
Nb5 28. Ne5 Na3+ 29. Kc1 Nxc4 30. Nxc4 Qc7 31. Qe5 Qxe5 32. Nxe5 Rc8 33. Nd7
Rg7 34. g4 f5 35. Nf6+ Kf7 36. Nh5 Rg5 37. exf5 Re8 38. Kd2 Rgg8 39. Kd3 c5 40.
d5 Re5 41. Kc4 Re2 42. Rc1 Rc8 43. Kb5 a3 44. bxa3 bxa3 45. Nf4 Re4 46. Nd3 Rd4
47. Ne5+ Kf6 48. Nc4 Rf4 49. c3 Rf2 50. d6 Rxa2 51. d7 Ra8 52. Kc6 Rh2 53. Nb6
Rg8 54. Nd5+ Kg5 55. Kc7 c4 56. Ne7 Rf8 57. d8=Q Rxd8 58. Kxd8 Rxh3 59. Ng8 a2
60. Ra1 Rxc3 61. Rxa2 Rb3 62. Ke7 Rb7+ 63. Kf8 h5 64. gxh5 Kxf5 65. Ra5+ Ke4
66. Nf6+ Kd3 67. Rd5+ Ke3 68. Rd8 Kf4 69. h6 Rb3 70. Nh5+ 1-0

[Event "GBR-ch 95th"]
[Site "Liverpool"]
[Date "2008.08.02"]
[Round "6.24"]
[White "Cox, Tristan"]
[Black "Tiruchirapalli, Venkataramanan"]
[Result "0-1"]
[WhiteElo "2144"]
[BlackElo "2247"]
[PlyCount "208"]
[EventDate "2008.07.28"]
[EventType "swiss"]
[EventRounds "11"]
[EventCountry "GBR"]

1. d4 d5 2. Nf3 Nf6 3. c4 e6 4. g3 dxc4 5. Bg2 c5 6. O-O Nc6 7. Qa4 cxd4 8.
Nxd4 Qxd4 9. Bxc6+ Bd7 10. Rd1 Qxd1+ 11. Qxd1 Bxc6 12. Nd2 Rd8 13. Qc2 b5 14.
b3 Bc5 15. bxc4 b4 16. e3 h5 17. h3 Rh6 18. Bb2 Rg6 19. Bxf6 gxf6 20. Nb3 Bb6
21. c5 Bc7 22. Nd4 Rxd4 23. exd4 h4 24. Re1 f5 25. d5 Bxd5 26. Qa4+ Kd8 27.
Qxa7 hxg3 28. f4 g2 29. c6 Rg3 30. Qa8+ Ke7 31. Qb7 Kd6 32. Qxb4+ Kxc6 33. Rc1+
Kd7 34. Qb5+ Kd8 35. Qc5 Bxf4 36. Qa5+ Ke7 37. Qb4+ Bd6 38. Rc7+ Kf6 39. Qh4+
Rg5 40. Qh6+ Rg6 41. Qh8+ Rg7 42. Qd8+ Ke5 43. Rc1 Rg3 44. Qh4 f4 45. Re1+ Be4
46. Qh5+ f5 47. Qh8+ Kd5 48. Rd1+ Bd3 49. Qa8+ Kd4 50. Qa4+ Ke5 51. Qa5+ Ke4
52. Re1+ Kd4 53. Qa4+ Kd5 54. Qa8+ Kd4 55. Qd8 Kd5 56. Qd7 Be4 57. Qb7+ Kd4 58.
Qb2+ Kd5 59. Rd1+ Kc6 60. Rxd6+ Kxd6 61. Qb8+ Kd5 62. Qb5+ Kd4 63. Qb6+ Kd3 64.
Qb3+ Kd2 65. Qb2+ Kd1 66. Qa1+ Kc2 67. Qe1 Re3 68. Qb4 Rxh3 69. Qc5+ Rc3 70.
Qf2+ Kd3 71. Qxf4 Rc2 72. Qd6+ Ke2 73. Qf4 e5 74. Qf2+ Kd3 75. Qe1 f4 76. Qd1+
Kc4 77. Qe1 Kd4 78. Qb4+ Ke3 79. Qe1+ Kf3 80. Qd1+ Kg3 81. Qe1+ Kh3 82. Qd1 f3
83. Qd7+ Kg3 84. Qg7+ Kf4 85. Qh6+ Kf5 86. Qh7+ Ke6 87. Qg8+ Kd6 88. Qb8+ Kd5
89. Qb7+ Kd4 90. Qb6+ Kd3 91. Qb5+ Kd2 92. Qb4+ Ke3 93. Qb6+ Ke2 94. Qb5+ Kd1
95. Qb1+ Rc1 96. Qb2 Bd3 97. Kh2 e4 98. Qf2 Rc2 99. Qg1+ Ke2 100. Qb1 e3 101.
Qb4 Kf2 102. Qh4+ Kf1 103. Qh3 Be4 104. Kg3 e2 0-1

[Event "GBR-ch 95th"]
[Site "Liverpool"]
[Date "2008.08.02"]
[Round "6.25"]
[White "James, Russell A"]
[Black "Shaw, Peter"]
[Result "1-0"]
[WhiteElo "2225"]
[BlackElo "2127"]
[PlyCount "93"]
[EventDate "2008.07.28"]
[EventType "swiss"]
[EventRounds "11"]
[EventCountry "GBR"]

1. e4 e6 2. d4 b6 3. Bd3 Bb7 4. Nf3 c5 5. d5 exd5 6. exd5 Bxd5 7. Nc3 Be6 8.
Bf4 a6 9. Qe2 Nf6 10. O-O-O Be7 11. Rhe1 b5 12. Ng5 Qb6 13. Bf5 O-O 14. Qd3 h6
15. Bxe6 dxe6 16. Nge4 Nbd7 17. Qh3 Nxe4 18. Nxe4 Nf6 19. Bxh6 Rfd8 20. Qg3 Ne8
21. Bg5 f6 22. Be3 Qc6 23. Qf3 Rd5 24. Rxd5 Qxd5 25. Nxc5 Qxf3 26. gxf3 Nc7 27.
Ne4 Kf7 28. b3 Rh8 29. c4 bxc4 30. bxc4 Rb8 31. Kc2 f5 32. Nc3 Bf6 33. Rd1 Ne8
34. f4 Be7 35. Rd7 Kf8 36. Ra7 Rc8 37. Rxa6 Rxc4 38. Kb3 Rc8 39. Rxe6 Rb8+ 40.
Rb6 Rxb6+ 41. Bxb6 Bd6 42. Nd5 Kf7 43. a4 Ke6 44. Kc4 Kd7 45. Kb5 Bb8 46. Bc5
Kc8 47. Kc6 1-0

[Event "GBR-ch 95th"]
[Site "Liverpool"]
[Date "2008.08.02"]
[Round "6.26"]
[White "Townsend, Paul"]
[Black "Coathup, Roger"]
[Result "0-1"]
[WhiteElo "2204"]
[BlackElo "2105"]
[PlyCount "132"]
[EventDate "2008.07.28"]
[EventType "swiss"]
[EventRounds "11"]
[EventCountry "GBR"]

1. d4 Nf6 2. c4 g6 3. Nc3 Bg7 4. e4 d6 5. f3 O-O 6. Bg5 c5 7. d5 e6 8. Qd2 exd5
9. cxd5 a6 10. a4 h6 11. Be3 h5 12. Nge2 Nbd7 13. Nc1 Ne5 14. Be2 Bd7 15. O-O
b5 16. axb5 axb5 17. Rxa8 Qxa8 18. Nxb5 Bxb5 19. Bxb5 Rb8 20. Be2 Qa4 21. b3
Qa3 22. Qc2 Nfd7 23. f4 Ng4 24. Bxg4 hxg4 25. e5 dxe5 26. f5 Rb6 27. fxg6 fxg6
28. Rd1 Qb4 29. Qe2 Bf8 30. Bf2 Bh6 31. Be3 Bxe3+ 32. Qxe3 Qf4 33. Qd3 Qd4+ 34.
Kh1 Qxd3 35. Rxd3 e4 36. Re3 Rb4 37. Kg1 Kf7 38. Kf2 Kf6 39. Na2 Rd4 40. Nc3
Ke5 41. d6 Nf6 42. Na4 Kxd6 43. Rc3 Rd2+ 44. Ke3 Rxg2 45. Rxc5 Rxh2 46. Rg5
Rh3+ 47. Kd4 Rxb3 48. Nc3 Ke6 49. Rxg6 Kf5 50. Rg7 Rb8 51. Ke3 Rd8 52. Ne2 Rd3+
53. Kf2 e3+ 54. Ke1 Rd7 55. Ng3+ Kf4 56. Rg6 Kxg3 57. Rxf6 Kg2 58. Ke2 g3 59.
Kxe3 Kg1 60. Rg6 g2 61. Ra6 Rf7 62. Ra8 Rh7 63. Rg8 Kh2 64. Kf2 Rf7+ 65. Ke2
g1=Q 66. Rh8+ Kg2 0-1

[Event "GBR-ch 95th"]
[Site "Liverpool"]
[Date "2008.08.02"]
[Round "6.27"]
[White "Yeo, Michael J"]
[Black "Surtees, Michael"]
[Result "0-1"]
[WhiteElo "2110"]
[BlackElo "2182"]
[PlyCount "74"]
[EventDate "2008.07.28"]
[EventType "swiss"]
[EventRounds "11"]
[EventCountry "GBR"]

1. c4 e5 2. Nc3 c6 3. d4 f6 4. Nf3 Bb4 5. dxe5 Bxc3+ 6. bxc3 Qa5 7. Qd4 Na6 8.
Bf4 Nc5 9. Qe3 Kf7 10. exf6 Nxf6 11. Ng5+ Kg6 12. Bd6 Re8 13. Qd2 Nce4 14. Nxe4
Nxe4 15. Qd3 Qxc3+ 16. Qxc3 Nxc3 17. e3 b6 18. Bd3+ Kf7 19. O-O Ne4 20. c5 Nxc5
21. Bc4+ Kg6 22. Rfd1 Ba6 23. Bxa6 Nxa6 24. Rd4 c5 25. Rg4+ Kf7 26. Rd1 h6 27.
Bg3 d5 28. Rxd5 Rad8 29. Rxd8 Rxd8 30. h4 Rd1+ 31. Kh2 Nb4 32. Be5 g6 33. h5 g5
34. f4 Nd3 35. fxg5 Nxe5 36. Re4 Nd3 37. gxh6 Rh1+ 0-1

[Event "GBR-ch 95th"]
[Site "Liverpool"]
[Date "2008.08.02"]
[Round "6.28"]
[White "Sen, Subin"]
[Black "Mason, Donald"]
[Result "0-1"]
[WhiteElo "2050"]
[BlackElo "2268"]
[PlyCount "66"]
[EventDate "2008.07.28"]
[EventType "swiss"]
[EventRounds "11"]
[EventCountry "GBR"]

1. Nf3 c5 2. c4 Nc6 3. d4 cxd4 4. Nxd4 Qb6 5. Nc2 e6 6. Nc3 Nf6 7. g3 d5 8. Bg2
dxc4 9. Ne3 Qa6 10. a4 Bb4 11. O-O Na5 12. Nb5 Qb6 13. Bd2 Bxd2 14. Qxd2 O-O
15. Qc3 Bd7 16. Nxc4 Nxc4 17. Qxc4 Rac8 18. Qd4 Rc5 19. Rfd1 Bxb5 20. axb5 Rxb5
21. Rxa7 Qxd4 22. Rxd4 Rxb2 23. e3 Rb1+ 24. Bf1 h5 25. Kg2 Rb2 26. h3 Rc8 27.
Bd3 g6 28. Rc4 Rxc4 29. Bxc4 Ne4 30. Ra2 Rxa2 31. Bxa2 Nd2 32. g4 hxg4 33. hxg4
b5 0-1

[Event "GBR-ch 95th"]
[Site "Liverpool"]
[Date "2008.08.02"]
[Round "6.29"]
[White "Goodger, Martyn"]
[Black "Waters, Clive L"]
[Result "1/2-1/2"]
[WhiteElo "2187"]
[BlackElo "2096"]
[PlyCount "70"]
[EventDate "2008.07.28"]
[EventType "swiss"]
[EventRounds "11"]
[EventCountry "GBR"]

1. e4 c6 2. Nf3 d5 3. Nc3 dxe4 4. Nxe4 Nf6 5. Nxf6+ exf6 6. d4 Bd6 7. Be2 O-O
8. O-O Nd7 9. c4 Re8 10. Be3 Qc7 11. Qc2 Nf8 12. h3 Ng6 13. Bd3 Bf4 14. Rfe1
Be6 15. Rac1 Rad8 16. Qd2 Bxe3 17. fxe3 Qg3 18. Qf2 Qd6 19. Bb1 Bc8 20. a3 c5
21. dxc5 Qxc5 22. b4 Qh5 23. c5 Ne5 24. Nd4 a6 25. a4 g6 26. Qxf6 Bxh3 27. gxh3
Qxh3 28. Qf4 Rxd4 29. exd4 Nf3+ 30. Kf2 Rxe1 31. Rxe1 Nxe1 32. Kxe1 Qh1+ 33.
Qf1 Qh4+ 34. Qf2 Qh1+ 35. Qf1 Qh4+ 1/2-1/2

[Event "GBR-ch 95th"]
[Site "Liverpool"]
[Date "2008.08.02"]
[Round "6.30"]
[White "Gavriel, Tryfon"]
[Black "Woods, Connor"]
[Result "0-1"]
[WhiteElo "2180"]
[BlackElo "1934"]
[PlyCount "80"]
[EventDate "2008.07.28"]
[EventType "swiss"]
[EventRounds "11"]
[EventCountry "GBR"]

1. c4 c5 2. g3 g6 3. Bg2 Bg7 4. Nc3 Nc6 5. a3 a6 6. Rb1 Rb8 7. b4 cxb4 8. axb4
b5 9. cxb5 axb5 10. e3 e6 11. d4 d5 12. Nge2 Nge7 13. Nf4 Nf5 14. g4 Nd6 15. h4
O-O 16. g5 Bd7 17. Nd3 Ra8 18. f4 Nf5 19. Qf3 h5 20. gxh6 Nxh4 21. Qf2 Bf6 22.
h7+ Kh8 23. Ne5 Nf5 24. Nf3 Qe7 25. e4 Nxb4 26. O-O dxe4 27. Nxe4 Ra2 28. Bd2
Nd3 29. Nxf6 Nxf2 30. Nxd7 Qxd7 31. Rxf2 Kxh7 32. d5 exd5 33. Ng5+ Kg8 34. Rd1
Qa7 35. Bxd5 Ra3 36. Bc1 Rg3+ 37. Kf1 Ne3+ 38. Bxe3 Qxe3 39. Ne4 Rh3 40. Ng5
Rh4 0-1

[Event "GBR-ch 95th"]
[Site "Liverpool"]
[Date "2008.08.02"]
[Round "6.31"]
[White "Dilleigh, Steve"]
[Black "Garnett, John S"]
[Result "1-0"]
[WhiteElo "2131"]
[BlackElo "2030"]
[PlyCount "83"]
[EventDate "2008.07.28"]
[EventType "swiss"]
[EventRounds "11"]
[EventCountry "GBR"]

1. d4 Nf6 2. c4 e5 3. dxe5 Ng4 4. Bf4 Nc6 5. Nf3 Bb4+ 6. Nbd2 Qe7 7. e3 Ngxe5
8. Nxe5 Nxe5 9. Be2 d6 10. O-O a5 11. Nb1 O-O 12. a3 Bc5 13. Nc3 Bf5 14. b4 Ba7
15. Nd5 Qd7 16. e4 Be6 17. c5 Ng6 18. Be3 dxc5 19. bxc5 Rfe8 20. Rb1 Bxd5 21.
exd5 Qe7 22. d6 cxd6 23. cxd6 Qe5 24. Bxa7 Rxa7 25. Bb5 Rd8 26. Re1 Qf5 27. Qd4
Raa8 28. a4 Nf8 29. Rbd1 Ne6 30. Qb6 Nc5 31. Re7 Rac8 32. Rde1 g6 33. Be8 Nd3
34. Bxf7+ Kf8 35. Qd4 Qxf2+ 36. Qxf2 Nxf2 37. Kxf2 Rxd6 38. Bb3 Rf6+ 39. Kg1 b6
40. Rxh7 Rc3 41. Bd5 Rd3 42. Rc1 1-0

[Event "GBR-ch 95th"]
[Site "Liverpool"]
[Date "2008.08.02"]
[Round "6.32"]
[White "Russell, Christopher"]
[Black "Elwin, Adrian G"]
[Result "1-0"]
[WhiteElo "2036"]
[BlackElo "2022"]
[PlyCount "79"]
[EventDate "2008.07.28"]
[EventType "swiss"]
[EventRounds "11"]
[EventCountry "GBR"]

1. e4 c6 2. Nf3 d5 3. exd5 cxd5 4. Ne5 Nf6 5. d4 g6 6. c3 Bg7 7. Bd3 Nbd7 8. f4
Qb6 9. Nd2 O-O 10. Ndf3 Nxe5 11. fxe5 Ng4 12. Qe2 f6 13. h3 Nh6 14. O-O Nf5 15.
exf6 exf6 16. Bf4 Bd7 17. g4 Rae8 18. Qh2 Ne3 19. Rfe1 Nc4 20. b3 Ne5 21. Nxe5
fxe5 22. Bxe5 Bb5 23. Bxg7 Kxg7 24. Qg3 Qa6 25. c4 dxc4 26. bxc4 Qf6 27. Re5
Bc6 28. Rf1 Qd6 29. Qe3 Rxf1+ 30. Bxf1 Rf8 31. Re7+ Kg8 32. Qe6+ Qxe6 33. Rxe6
Rf4 34. d5 Ba4 35. Re7 Rd4 36. Rxb7 Rd1 37. Rxa7 Bc2 38. Kf2 Be4 39. Be2 Rb1
40. d6 1-0

[Event "GBR-ch 95th"]
[Site "Liverpool"]
[Date "2008.08.02"]
[Round "6.33"]
[White "McCullough, Simon L"]
[Black "Gibson, Chris A"]
[Result "1/2-1/2"]
[WhiteElo "1910"]
[BlackElo "2003"]
[PlyCount "70"]
[EventDate "2008.07.28"]
[EventType "swiss"]
[EventRounds "11"]
[EventCountry "GBR"]

1. e4 c5 2. Nf3 d6 3. d4 cxd4 4. Nxd4 Nf6 5. Nc3 a6 6. Bd3 e6 7. O-O Be7 8. Bg5
Qc7 9. Kh1 Nbd7 10. f4 h6 11. Bxf6 Nxf6 12. Qf3 b5 13. a3 Bb7 14. Rae1 O-O 15.
Qh3 Qb6 16. Nf3 Nd7 17. f5 e5 18. g4 Rac8 19. g5 hxg5 20. f6 Bxf6 21. Qxd7 Rxc3
22. Qg4 Bc8 23. Qg3 Rxd3 24. cxd3 g4 25. Nh4 Bxh4 26. Qxh4 Qd4 27. Qe7 Qxd3 28.
Rf2 d5 29. Qxe5 dxe4 30. Qf4 e3 31. Qxe3 Bb7+ 32. Kg1 Qd5 33. Kf1 Qc4+ 34. Qe2
Qd5 35. Qxg4 Qd3+ 1/2-1/2

[Event "GBR-ch 95th"]
[Site "Liverpool"]
[Date "2008.08.02"]
[Round "6.34"]
[White "Davis, Lee"]
[Black "Coates, David H"]
[Result "1/2-1/2"]
[WhiteElo "2071"]
[BlackElo "2037"]
[PlyCount "79"]
[EventDate "2008.07.28"]
[EventType "swiss"]
[EventRounds "11"]
[EventCountry "GBR"]

1. d4 Nf6 2. g3 g6 3. Bg2 d5 4. Nf3 Bg7 5. O-O O-O 6. c4 dxc4 7. Na3 c3 8. bxc3
c5 9. e3 Nc6 10. Qe2 Nd5 11. Bb2 Nb6 12. Rac1 Qd5 13. Ne5 Qxa2 14. Nxc6 bxc6
15. Bxc6 Rb8 16. Rc2 Qe6 17. Bg2 Na4 18. c4 Nxb2 19. Rxb2 Ba6 20. Rxb8 Rxb8 21.
dxc5 Qe5 22. c6 Rb3 23. Nb5 Bxb5 24. cxb5 Rxb5 25. Qd3 Rc5 26. Qd8+ Bf8 27. Rb1
Qd6 28. Qa8 Qd3 29. Qb7 a5 30. Bf3 Qf5 31. Kg2 e5 32. g4 Qc2 33. Rb2 Qc4 34.
Rb6 Kg7 35. h4 h6 36. Qd7 e4 37. Bd1 Rd5 38. Bb3 Rxd7 39. Bxc4 Ra7 40. Rb7
1/2-1/2

[Event "GBR-ch 95th"]
[Site "Liverpool"]
[Date "2008.08.04"]
[Round "7.2"]
[White "Gormally, Daniel"]
[Black "Conquest, Stuart"]
[Result "1/2-1/2"]
[WhiteElo "2504"]
[BlackElo "2536"]
[PlyCount "37"]
[EventDate "2008.07.28"]
[EventType "swiss"]
[EventRounds "11"]
[EventCountry "GBR"]

1. d4 d5 2. c4 e6 3. Nf3 Nf6 4. Nc3 Bb4 5. cxd5 exd5 6. Bg5 Nbd7 7. Rc1 c6 8.
a3 Bxc3+ 9. Rxc3 O-O 10. e3 Qe8 11. Bf4 Ne4 12. Rc1 Nb6 13. Be2 f6 14. O-O Bg4
15. h3 Bh5 16. Ne1 Bxe2 17. Qxe2 Qe7 18. Nd3 Rac8 19. Nc5 1/2-1/2

[Event "GBR-ch 95th"]
[Site "Liverpool"]
[Date "2008.08.04"]
[Round "7.3"]
[White "Lalic, Bogdan"]
[Black "Trent, Lawrence"]
[Result "1-0"]
[WhiteElo "2533"]
[BlackElo "2470"]
[PlyCount "53"]
[EventDate "2008.07.28"]
[EventType "swiss"]
[EventRounds "11"]
[EventCountry "GBR"]

1. d4 Nf6 2. c4 e6 3. Nf3 d5 4. g3 dxc4 5. Bg2 a6 6. O-O Nc6 7. Nc3 Rb8 8. e4
Be7 9. d5 Nb4 10. Ne5 exd5 11. exd5 Nd3 12. Nxd3 cxd3 13. Qxd3 O-O 14. h3 Bd7
15. Rd1 Ne8 16. Be3 Nd6 17. Rac1 Re8 18. Qc2 Bg5 19. Bxg5 Qxg5 20. Ne4 Qh6 21.
Qxc7 Rbc8 22. Qxd7 Rxc1 23. Rxc1 Qxc1+ 24. Kh2 Qxb2 25. Nxd6 Rf8 26. Nxb7 Qf6
27. Qc6 1-0

[Event "GBR-ch 95th"]
[Site "Liverpool"]
[Date "2008.08.04"]
[Round "7.4"]
[White "Ledger, Andrew"]
[Black "Hebden, Mark"]
[Result "1-0"]
[WhiteElo "2423"]
[BlackElo "2520"]
[PlyCount "177"]
[EventDate "2008.07.28"]
[EventType "swiss"]
[EventRounds "11"]
[EventCountry "GBR"]

1. c4 g6 2. Nc3 Bg7 3. g3 Nf6 4. Bg2 O-O 5. d3 d6 6. e4 c5 7. Nge2 Nc6 8. a3
Bg4 9. f3 Bd7 10. O-O Ne8 11. Be3 Nc7 12. d4 b6 13. Rc1 Na5 14. b3 Ne6 15. Rb1
Rb8 16. f4 cxd4 17. Nxd4 Nxd4 18. Bxd4 e5 19. fxe5 Nc6 20. Be3 Bxe5 21. Nd5 Be6
22. Qd2 Bxd5 23. cxd5 Na5 24. Bh3 Rb7 25. Rfc1 Rc7 26. Qd3 Rxc1+ 27. Rxc1 Qe7
28. b4 Nb7 29. Qa6 Nd8 30. Bf2 h5 31. Qe2 Bf6 32. Rc4 h4 33. Qg4 hxg3 34. Bxg3
b5 35. Rc2 Kg7 36. Bg2 Rh8 37. Qf4 Bd4+ 38. Kf1 Be5 39. Qe3 Rh5 40. Rc8 Bxg3
41. hxg3 Re5 42. Ra8 Rxd5 43. Rxd8 Qf6+ 44. Bf3 Rd1+ 45. Kg2 Ra1 46. Rd7 Ra2+
47. Be2 Qb2 48. Kh3 Qf6 49. Rxa7 Rc2 50. Kg2 Qb2 51. Kf2 Qf6+ 52. Kg2 Qb2 53.
Kf3 Rc3 54. Bd3 Rb3 55. Rc7 Rxa3 56. e5 dxe5 57. Qe4 Kg8 58. Rc8+ Kg7 59. Rc7
Kg8 60. Qd5 e4+ 61. Qxe4 Qf6+ 62. Kg2 Kg7 63. Rc6 Ra2+ 64. Bc2 Qd8 65. Qe5+ Kh7
66. Qc3 Qd5+ 67. Kg1 Ra1+ 68. Qxa1 Qxc6 69. Qb1 Qc3 70. Bd3 f5 71. Kf2 Qd4+ 72.
Kf3 Qd5+ 73. Kf2 Qd4+ 74. Kg2 Kg7 75. Be2 Qd5+ 76. Kh2 Qd2 77. Qd3 Qxb4 78.
Qxb5 Qd4 79. Kg2 Kf6 80. Qd3 Qe5 81. Bf3 Qb2+ 82. Qe2 Qd4 83. Qa6+ Kg7 84. Qe6
Qd2+ 85. Be2 Qd4 86. Kh3 Qf2 87. Qe5+ Kh7 88. Bc4 Qf3 89. Qe7+ 1-0

[Event "GBR-ch 95th"]
[Site "Liverpool"]
[Date "2008.08.04"]
[Round "7.5"]
[White "Haslinger, Stewart"]
[Black "Kolbus, Dietmar"]
[Result "0-1"]
[WhiteElo "2511"]
[BlackElo "2393"]
[PlyCount "104"]
[EventDate "2008.07.28"]
[EventType "swiss"]
[EventRounds "11"]
[EventCountry "GBR"]

1. e4 g6 2. d4 Bg7 3. Nc3 c6 4. h3 d5 5. Nf3 dxe4 6. Nxe4 Nf6 7. Nxf6+ exf6 8.
Be2 O-O 9. O-O Be6 10. c4 Na6 11. Bd2 Nc7 12. Qc2 Qd7 13. Rad1 Rfd8 14. Bc3 Bf5
15. Qc1 g5 16. Nh2 Ne6 17. f4 Nxf4 18. Rxf4 gxf4 19. Qxf4 Bg6 20. Ng4 Qd6 21.
Qf2 f5 22. Ne5 c5 23. dxc5 Qe6 24. Rd5 Rxd5 25. cxd5 Qxd5 26. Bf3 Qxa2 27. Bxb7
Re8 28. Qg3 Qe6 29. Nxg6 hxg6 30. Bxg7 Kxg7 31. c6 Qe1+ 32. Qxe1 Rxe1+ 33. Kf2
Re7 34. Bc8 Rc7 35. Bd7 Kf6 36. h4 a5 37. Kf3 Ke5 38. Ke3 Ra7 39. g3 a4 40. Kd3
Kd6 41. Ke3 Ra8 42. Kf4 Rb8 43. Kg5 Rxb2 44. Be8 a3 45. Bxf7 Rg2 46. Kxg6 Rxg3+
47. Kxf5 Rf3+ 48. Kg6 Rxf7 49. Kxf7 a2 50. c7 Kxc7 51. h5 a1=Q 52. h6 Qh8 0-1

[Event "GBR-ch 95th"]
[Site "Liverpool"]
[Date "2008.08.04"]
[Round "7.6"]
[White "Addison, Bret"]
[Black "Gordon, Stephen J"]
[Result "0-1"]
[WhiteElo "2244"]
[BlackElo "2508"]
[PlyCount "68"]
[EventDate "2008.07.28"]
[EventType "swiss"]
[EventRounds "11"]
[EventCountry "GBR"]

1. d4 Nf6 2. c4 e6 3. Nc3 Bb4 4. e3 O-O 5. a3 Bxc3+ 6. bxc3 c5 7. Bd3 Nc6 8.
Ne2 b6 9. e4 Ne8 10. O-O Ba6 11. f4 f5 12. d5 Na5 13. e5 d6 14. Ng3 g6 15. Re1
Nc7 16. dxe6 Nxe6 17. Qc2 dxe5 18. fxe5 Qh4 19. Rf1 Rad8 20. Be3 Bxc4 21. Bxf5
gxf5 22. Rxf5 Rxf5 23. Qxf5 Rf8 24. Qc2 Bb3 25. Qe2 Qc4 26. Qe1 Qg4 27. h3 Qg6
28. Bf2 Nf4 29. Rd1 Bxd1 30. Qxd1 Nd3 31. Be1 Nc4 32. e6 Qxe6 33. Qxd3 Qxe1+
34. Kh2 Qe6 0-1

[Event "GBR-ch 95th"]
[Site "Liverpool"]
[Date "2008.08.04"]
[Round "7.7"]
[White "Arkell, Keith"]
[Black "Hawkins, Jonathan"]
[Result "1/2-1/2"]
[WhiteElo "2506"]
[BlackElo "2232"]
[PlyCount "155"]
[EventDate "2008.07.28"]
[EventType "swiss"]
[EventRounds "11"]
[EventCountry "GBR"]

1. d4 Nf6 2. Nf3 g6 3. b4 Bg7 4. Bb2 O-O 5. Nbd2 d6 6. e3 Nbd7 7. Rb1 Re8 8.
Nc4 Nb6 9. Na5 Na4 10. Ba1 Ne4 11. Qd3 d5 12. Qb3 Nb6 13. Bd3 Nd6 14. O-O c6
15. a4 Bf5 16. Bxf5 gxf5 17. Nd2 e6 18. c4 dxc4 19. Ndxc4 Ndxc4 20. Nxc4 Qd5
21. Rfc1 Red8 22. g3 Nxc4 23. Qxc4 Qe4 24. Qc2 Rd5 25. Bc3 Rad8 26. Rb2 Bf8 27.
Qe2 Bh6 28. Re1 Qg4 29. Qxg4+ fxg4 30. h3 gxh3 31. Kh2 Bg7 32. Kxh3 h6 33. Rb3
a6 34. Kg2 Kh7 35. f4 f5 36. Kf3 h5 37. Reb1 Kg6 38. Bb2 R8d7 39. Ba3 Bf6 40.
b5 cxb5 41. axb5 a5 42. Rc3 Rd8 43. Rc7 R8d7 44. b6 Rg7 45. Bc5 Rd8 46. Ke2 Ra8
47. Kd3 a4 48. Ra1 Kh6 49. Rxg7 Kxg7 50. Kc4 Kh6 51. Ra3 Rg8 52. d5 exd5+ 53.
Kxd5 Rxg3 54. Ke6 Kg6 55. Rxa4 h4 56. e4 h3 57. exf5+ Kg7 58. Ra2 Rg2 59. Ra3
Re2+ 60. Kd7 h2 61. Rh3 Kf7 62. Bd6 Bd4 63. Bc7 Re7+ 64. Kd6 Re2 65. Kd5 Bg1
66. Be5 Rd2+ 67. Ke4 Bxb6 68. f6 Bg1 69. Kf5 Bc5 70. Rh7+ Kg8 71. Rh3 Kf7 72.
Ke4 b5 73. f5 Bg1 74. Rh7+ Kg8 75. Rg7+ Kf8 76. Rh7 Kg8 77. Rg7+ Kf8 78. Rh7
1/2-1/2

[Event "GBR-ch 95th"]
[Site "Liverpool"]
[Date "2008.08.04"]
[Round "7.8"]
[White "Williams, Simon K"]
[Black "Ynojosa, Felix Jose"]
[Result "1-0"]
[WhiteElo "2496"]
[BlackElo "2101"]
[PlyCount "45"]
[EventDate "2008.07.28"]
[EventType "swiss"]
[EventRounds "11"]
[EventCountry "GBR"]

1. c4 Nf6 2. Nc3 e6 3. e4 d5 4. e5 Ne4 5. Nf3 Nxc3 6. dxc3 Be7 7. h4 dxc4 8.
Qa4+ c6 9. Qxc4 Nd7 10. Qg4 g6 11. h5 f5 12. Qg3 Kf7 13. Ng5+ Bxg5 14. Bxg5 Qg8
15. Be2 Qg7 16. O-O-O Re8 17. hxg6+ hxg6 18. Rxd7+ Bxd7 19. Bf6 Qg8 20. Rh6 Rf8
21. Qg5 c5 22. Bh5 gxh5 23. Qxh5+ 1-0

[Event "GBR-ch 95th"]
[Site "Liverpool"]
[Date "2008.08.04"]
[Round "7.9"]
[White "Knott, Simon JB"]
[Black "Flear, Glenn C"]
[Result "1/2-1/2"]
[WhiteElo "2365"]
[BlackElo "2493"]
[PlyCount "66"]
[EventDate "2008.07.28"]
[EventType "swiss"]
[EventRounds "11"]
[EventCountry "GBR"]

1. Nf3 d5 2. d4 Nf6 3. c4 c6 4. Nc3 a6 5. c5 Bf5 6. Bf4 Nbd7 7. e3 Nh5 8. Be5
f6 9. Bg3 e5 10. Be2 Bg4 11. b4 e4 12. Nd2 Bxe2 13. Qxe2 g6 14. Nb3 Be7 15. Na5
Ra7 16. a3 f5 17. Na4 O-O 18. O-O f4 19. exf4 Nxf4 20. Bxf4 Rxf4 21. Rad1 Bf6
22. Qe3 g5 23. f3 Qc7 24. g3 Rxf3 25. Rxf3 exf3 26. Qxf3 Kg7 27. Nb3 Ra8 28.
Rf1 Re8 29. Kg2 Re6 30. Rf2 Nf8 31. Re2 Qe7 32. Nc3 Rxe2+ 33. Nxe2 Qd7 1/2-1/2

[Event "GBR-ch 95th"]
[Site "Liverpool"]
[Date "2008.08.04"]
[Round "7.10"]
[White "Pert, Nicholas"]
[Black "Rendle, Thomas"]
[Result "1/2-1/2"]
[WhiteElo "2547"]
[BlackElo "2363"]
[PlyCount "79"]
[EventDate "2008.07.28"]
[EventType "swiss"]
[EventRounds "11"]
[EventCountry "GBR"]

1. d4 f5 2. c4 Nf6 3. Nc3 d6 4. g3 g6 5. Bg2 Bg7 6. Nh3 O-O 7. d5 Na6 8. O-O e5
9. dxe6 c6 10. Bf4 Ne8 11. Bg5 Bf6 12. Qd2 Bxe6 13. b3 Qe7 14. Rad1 Nc5 15. Qe3
Rf7 16. b4 Ne4 17. Nxe4 fxe4 18. Bxf6 Nxf6 19. Ng5 Rff8 20. Qd4 d5 21. Nxe6
Qxe6 22. cxd5 cxd5 23. f3 exf3 24. Bxf3 a5 25. Bxd5 Qxd5 26. Qxd5+ Nxd5 27.
Rxd5 axb4 28. Rd2 Rxf1+ 29. Kxf1 b5 30. Ke1 h5 31. Kd1 Kf7 32. Kc1 Re8 33. Rd7+
Kf6 34. Rd6+ Kf7 35. Rd2 Kf6 36. Rd6+ Kf7 37. Kd1 Ra8 38. Rd2 Kf6 39. Kc1 Re8
40. Rd6+ 1/2-1/2